• 首页
  • 本馆介绍
  • 公告通知
  • 最新文献
  • 馆藏检索
  • 电子资源
  • 读者导购
  • 参考咨询
  • 我的图书馆
  • 登录
  • 详细信息显示
  • 放入我的书架
  • 预约/预借图书
  • 作者相关作品
  • 分类相关作品
  • 丛书相关作品
  • 出版社相关作品

书目信息

  • 表格格式
  • 工作单格式
  • 卡片格式
题名:
哲学原理集辩
    
 
作者: 黎克明 编
分册:  
出版信息: 广州   广东人民出版社  1984
页数: 415页
开本: 19cm
丛书名:
单 册:
中图分类: B0
科图分类:
主题词: 哲学理论
电子资源:
ISBN:
000 00591nam0 2200229 45
001 0184010241
005 20050525113552.6
010    @dCNY1.40
091    @a2111.45
100    @a19950619d1984 em y0chiy0121 ea
101 0  @achi
102    @aCN@b440000
105    @ay z 000yy
200 10 @a哲学原理集辩@Azhe xue yuan li ji bian@f黎克明编@FLi Ke Ming Bian
210    @a广州@c广东人民出版社@d1984
215    @a415页@d19cm
606    @a哲学理论
690    @aB0@v3
701  0 @a黎克明@4编
801  0 @aCN@b上海图书馆@c20040508
801  2 @aCN@bNLC@c20040508
905    @dB0@e63@f1@b131987
    
    哲学原理集辩/黎克明编.-广州:广东人民出版社,1984
    415页;19cm
    
    
    ISBN :CNY1.40
    
●
相关链接 在E读中查询图书 在五车中查询图书 在当当中查询图书 在豆瓣中查询图书


正题名:哲学原理集辩     索取号:B0/63         预约/预借

序号 登录号 条形码 馆藏地/架位号 状态 备注
1 0131983   001130476   密集书库/ [索取号:B0/63] 在馆    
2 0131986   001130494   密集书库/ [索取号:B0/63] 在馆    
3 0131987   001130485   第一样本阅览室/ [索取号:B0/63] 在馆    
唐山师范学院图书馆 欢迎您!
大连网信软件有限公司© 版权所有